[Event "Olympiad Women-41"]
[Site "Tromsoe"]
[Date "2014.08.03"]
[Round "2.4"]
[White "Pham, Le Thao Nguyen"]
[Black "Starr, Nava"]
[Result "1-0"]
[WhiteElo "2331"]
[BlackElo "2145"]
[PlyCount "141"]
[EventDate "2014.08.02"]
[EventType "team-swiss"]
[EventRounds "11"]
[EventCountry "NOR"]
[SourceTitle "CBM 162"]
[Source "ChessBase"]
[SourceDate "2014.09.17"]
[SourceVersion "1"]
[SourceVersionDate "2014.09.17"]
[SourceQuality "1"]
[WhiteTeam "Vietnam (W)"]
[BlackTeam "Canada (W)"]
[WhiteTeamCountry "VIE"]
[BlackTeamCountry "CAN"]

1. d4 Nf6 2. Bf4 c5 3. e3 b6 4. Nf3 Bb7 5. h3 d6 6. Be2 g6 7. 0-0 Nbd7 8. a4 a6 9. c3 Bg7 10. Nbd2 Rc8 11. Bh2 0-0 12. Re1 Qc7 13. Qb3 Bd5 14. c4 Ba8 15. Bf1 Rfe8 16. Rad1 e5 17. dxe5 dxe5 18. Be2 Bc6 19. Nb1 Ne4 20. Nfd2 Qb7 21. Nxe4 Bxe4 22. Nc3 Bc6 23. Nd5 Nf6 24. Bf3 Bxd5 25. Bxd5 Nxd5 26. Rxd5 Rcd8 27. Rxc5 Rd3 28. Qxd3 bxc5 29. b3 Qb4 30. Rb1 Bf6 31. Qd6 Kg7 32. Qxa6 Rd8 33. Bg3 h5 34. h4 Qc3 35. Qb5 Qc2 36. Rf1 Rd3 37. Qxc5 Rxb3 38. Bxe5 Bxe5 39. Qxe5+ Kg8 40. Qd5 Rb4 41. a5 Rxc4 42. a6 Ra4 43. Qb5 Qa2 44. Rd1 Rxa6 45. Qe5 Ra8 46. Qf6 Qa4 47. Rd4 Qa7 48. Kh2 Re8 49. Rd6 Qe7 50. Qxe7 Rxe7 51. Kg3 Kg7 52. Kf4 Ra7 53. f3 Rb7 54. e4 Rb2 55. g3 Rb7 56. Rd3 Ra7 57. Ke3 Rb7 58. e5 Kf8 59. Ke4 Ke7 60. Kf4 Rb4+ 61. Kg5 Rb5 62. f4 Ra5 63. Rb3 Ke6 64. Rb6+ Ke7 65. Kh6 Ra3 66. Kg7 Rxg3 67. Rb7+ Ke8 68. Rxf7 Rg4 69. e6 Rxh4 70. Kxg6 Rh1 71. Rh7 1-0

[Event "Toronto-A1"]
[Site "Toronto"]
[Date "2008.02.26"]
[Round "6"]
[White "Starr, Nava"]
[Black "Samsonkin, Artiom"]
[Result "0-1"]
[WhiteElo "2135"]
[BlackElo "2479"]
[PlyCount "44"]
[EventDate "2008.01.22"]
[EventType "tourn"]
[EventRounds "9"]
[EventCountry "CAN"]
[SourceTitle "EXT 2011"]
[Source "ChessBase"]
[SourceDate "2010.11.26"]
[SourceVersion "1"]
[SourceVersionDate "2010.11.26"]
[SourceQuality "1"]

1. e4 c5 2. Nc3 e6 3. f4 Nc6 4. Nf3 a6 5. g3 d5 6. d3 dxe4 7. dxe4 Qxd1+ 8. Nxd1 Nb4 9. Ne3 Nf6 10. c3 Nc6 11. e5 Nd5 12. Bg2 Be7 13. 0-0 0-0 14. Rd1 Rd8 15. Ne1 Nxe3 16. Rxd8+ Nxd8 17. Bxe3 Rb8 18. Rd1 b6 19. Nc2 Bb7 20. Bxb7 Rxb7 21. Na3 b5 22. Bxc5 Bxc5+ 0-1

[Event "Toronto-A1"]
[Site "Toronto"]
[Date "2008.02.05"]
[Round "3"]
[White "Starr, Nava"]
[Black "Noritsyn, Nikolay"]
[Result "0-1"]
[WhiteElo "2135"]
[BlackElo "2470"]
[PlyCount "84"]
[EventDate "2008.01.22"]
[EventType "tourn"]
[EventRounds "9"]
[EventCountry "CAN"]
[SourceTitle "EXT 2011"]
[Source "ChessBase"]
[SourceDate "2010.11.26"]
[SourceVersion "1"]
[SourceVersionDate "2010.11.26"]
[SourceQuality "1"]

1. e4 c5 2. c3 d5 3. exd5 Qxd5 4. d4 Nf6 5. Nf3 Bg4 6. Be2 e6 7. 0-0 Nc6 8. Be3 cxd4 9. Nxd4 Bxe2 10. Qxe2 Be7 11. Rd1 0-0 12. c4 Qe5 13. Nxc6 bxc6 14. Nc3 a5 15. Qf3 a4 16. Rac1 Qc7 17. Rd2 Bd6 18. g3 Be5 19. Bc5 Rfe8 20. Ne4 h6 21. Rcd1 Qa5 22. Bd6 Nxe4 23. Qxe4 Bxd6 24. Rxd6 Qb4 25. R1d2 c5 26. Rd7 Rf8 27. Qg4 Rab8 28. Qe4 Qa5 29. Qe5 Rb4 30. Qc3 Qa6 31. b3 axb3 32. axb3 Rbb8 33. R2d6 Qa2 34. Rxe6 Rxb3 35. Qe5 Rb1+ 36. Kg2 Qxc4 37. Re8 Qf1+ 38. Kf3 Qh1+ 39. Kg4 Rb4+ 40. f4 h5+ 41. Qxh5 Rxf4+ 42. Kxf4 Qf1+ 0-1

[Event "Olympiad Women-37"]
[Site "Turin"]
[Date "2006.05.31"]
[Round "10"]
[White "Starr, Nava"]
[Black "Theissl Pokorna, Regina"]
[Result "1/2-1/2"]
[WhiteElo "2169"]
[BlackElo "2338"]
[PlyCount "85"]
[EventDate "2006.05.21"]
[EventType "team-swiss"]
[EventRounds "13"]
[EventCountry "ITA"]
[SourceTitle "CBM 112 Extra"]
[Source "ChessBase"]
[SourceDate "2006.07.14"]
[SourceVersion "1"]
[SourceVersionDate "2006.07.14"]
[SourceQuality "1"]
[WhiteTeam "Canada (W)"]
[BlackTeam "Slovakia (W)"]
[WhiteTeamCountry "CAN"]
[BlackTeamCountry "SVK"]

1. e4 e5 2. Nf3 Nc6 3. Nc3 Nf6 4. d4 exd4 5. Nxd4 Bb4 6. Nxc6 bxc6 7. Bd3 d5 8. exd5 cxd5 9. 0-0 0-0 10. Bg5 c6 11. Qf3 Be7 12. h3 h6 13. Bf4 Bd6 14. Ne2 Rb8 15. b3 c5 16. Ng3 Rb4 17. Bxd6 Qxd6 18. c4 d4 19. Rfe1 Bb7 20. Nf5 Bxf3 21. Nxd6 Ba8 22. Re7 Rb6 23. Nf5 Rb7 24. Rae1 Rd7 25. Rxd7 Nxd7 26. Re7 Bc6 27. Nd6 a6 28. Bf5 Nb8 29. Nxf7 d3 30. Kf1 Bxg2+ 31. Kxg2 d2 32. Nxh6+ gxh6 33. Bh7+ Kh8 34. Bc2 Nc6 35. Re2 Rd8 36. Bd1 Nb4 37. Re3 Nxa2 38. Kf3 Nc1 39. Re5 Rd3+ 40. Re3 Rd8 41. Re5 Rd3+ 42. Re3 Rd8 43. Re5 1/2-1/2

[Event "Olympiad Women-37"]
[Site "Turin"]
[Date "2006.05.23"]
[Round "3"]
[White "Bashkite, Viktoria"]
[Black "Starr, Nava"]
[Result "1-0"]
[WhiteElo "2205"]
[BlackElo "2169"]
[PlyCount "87"]
[EventDate "2006.05.21"]
[EventType "team-swiss"]
[EventRounds "13"]
[EventCountry "ITA"]
[SourceTitle "CBM 112 Extra"]
[Source "ChessBase"]
[SourceDate "2006.07.14"]
[SourceVersion "1"]
[SourceVersionDate "2006.07.14"]
[SourceQuality "1"]
[WhiteTeam "Estonia (W)"]
[BlackTeam "Canada (W)"]
[WhiteTeamCountry "EST"]
[BlackTeamCountry "CAN"]

1. e4 e5 2. Nf3 Nf6 3. Nxe5 d6 4. Nf3 Nxe4 5. Nc3 Nxc3 6. dxc3 Be7 7. Bf4 Nc6 8. Qd2 0-0 9. 0-0-0 Bg4 10. Be2 Bf6 11. h3 Be6 12. Kb1 a6 13. Nd4 Qd7 14. Rhe1 Ne5 15. Bg5 Bxg5 16. Qxg5 Qd8 17. Qg3 Qf6 18. f4 Nc6 19. Qf3 Nxd4 20. cxd4 c6 21. Bd3 Rfe8 22. g4 Bd7 23. g5 Qd8 24. Rxe8+ Bxe8 25. Qg3 f6 26. Re1 Bf7 27. h4 f5 28. Bxf5 Bxa2+ 29. Kxa2 Qa5+ 30. Kb1 Qxf5 31. Re7 b5 32. Qc3 Qxf4 33. Qxc6 Qf1+ 34. Ka2 Qc4+ 35. Qxc4+ bxc4 36. Rd7 Re8 37. Rxd6 Re4 38. h5 Kf8 39. h6 gxh6 40. gxh6 a5 41. Rd7 Rh4 42. Rxh7 Rxd4 43. Ra7 Rh4 44. h7 1-0

[Event "Olympiad Women-36"]
[Site "Mallorca"]
[Date "2004.10.26"]
[Round "11.1"]
[White "Starr, Nava"]
[Black "Mira, Helene"]
[Result "1/2-1/2"]
[WhiteElo "2191"]
[BlackElo "2158"]
[PlyCount "52"]
[EventDate "2004.10.15"]
[EventType "team-swiss"]
[EventRounds "14"]
[EventCountry "ESP"]
[SourceTitle "CBM 102 Extra"]
[Source "ChessBase"]
[SourceDate "2004.11.03"]
[SourceVersion "1"]
[SourceVersionDate "2004.11.03"]
[SourceQuality "1"]
[WhiteTeam "Canada (W)"]
[BlackTeam "Austria (W)"]
[WhiteTeamCountry "CAN"]
[BlackTeamCountry "AUT"]

1. e4 e5 2. Nf3 Nc6 3. Nc3 Nf6 4. d4 exd4 5. Nxd4 Bb4 6. Nxc6 bxc6 7. Bd3 0-0 8. 0-0 d5 9. exd5 cxd5 10. Bg5 c6 11. Qf3 Bxc3 12. bxc3 h6 13. Bh4 g5 14. Bg3 Bg4 15. Qe3 Re8 16. Qd4 Ne4 17. Rfe1 c5 18. Qa4 Bd7 19. Qa3 Nxg3 20. hxg3 Rxe1+ 21. Rxe1 Qb6 22. c4 dxc4 23. Bxc4 Qb4 24. Qxb4 cxb4 25. Re7 Be8 26. Ba6 Ba4 1/2-1/2

[Event "Olympiad Women-36"]
[Site "Mallorca"]
[Date "2004.10.19"]
[Round "5.1"]
[White "Munoz Santana, Doribel"]
[Black "Starr, Nava"]
[Result "0-1"]
[WhiteElo "1979"]
[BlackElo "2191"]
[PlyCount "86"]
[EventDate "2004.10.15"]
[EventType "team-swiss"]
[EventRounds "14"]
[EventCountry "ESP"]
[SourceTitle "CBM 102 Extra"]
[Source "ChessBase"]
[SourceDate "2004.11.03"]
[SourceVersion "1"]
[SourceVersionDate "2004.11.03"]
[SourceQuality "1"]
[WhiteTeam "Dominican Rep (W)"]
[BlackTeam "Canada (W)"]
[WhiteTeamCountry "DOM"]
[BlackTeamCountry "CAN"]

1. e4 g6 2. Nc3 Bg7 3. d3 c6 4. g3 d5 5. exd5 cxd5 6. Bg2 Nf6 7. Nf3 Nc6 8. Bf4 Bg4 9. h3 Bxf3 10. Bxf3 0-0 11. 0-0 Rc8 12. a3 e6 13. Re1 Nd4 14. Bg2 Nh5 15. Bd2 Qb6 16. Na4 Qb5 17. c4 dxc4 18. dxc4 Rxc4 19. Bb4 Nc2 20. Bf1 Nxa1 21. Bxc4 Qxc4 22. Bxf8 Bxf8 23. Qxa1 Qxa4 24. b4 Be7 25. Qc1 Qb5 26. Qc8+ Kg7 27. Qc7 Bf6 28. g4 Qg5 29. Re4 e5 30. Qxb7 Nf4 31. Kh2 h5 32. Re3 hxg4 33. hxg4 Qh4+ 34. Kg1 Nh3+ 35. Rxh3 Qxh3 36. Qxa7 Qxg4+ 37. Kf1 Qd1+ 38. Kg2 e4 39. Qe3 Qd3 40. a4 Qxe3 41. fxe3 Bc3 42. b5 Ba5 43. Kg3 f5 0-1

[Event "CAN-ch"]
[Site "Toronto"]
[Date "2004.08.29"]
[Round "9"]
[White "Starr, Nava"]
[Black "Lavin, David"]
[Result "1/2-1/2"]
[WhiteElo "2202"]
[BlackElo "2225"]
[PlyCount "87"]
[EventDate "2004.08.20"]
[EventType "swiss"]
[EventRounds "9"]
[EventCountry "CAN"]
[SourceTitle "CBM 101 Extra"]
[Source "ChessBase"]
[SourceDate "2004.09.01"]
[SourceVersion "2"]
[SourceVersionDate "2004.09.01"]
[SourceQuality "1"]

1. e4 c5 2. Nc3 Nc6 3. f4 e6 4. Nf3 a6 5. a4 d5 6. d3 Nf6 7. Qe2 Be7 8. g3 0-0 9. Bg2 d4 10. Nd1 Bd7 11. 0-0 b5 12. axb5 axb5 13. Rxa8 Qxa8 14. Nf2 Qa4 15. g4 c4 16. g5 Ne8 17. Ng4 f6 18. gxf6 Bxf6 19. Nge5 Bxe5 20. Nxe5 Nxe5 21. fxe5 Rxf1+ 22. Bxf1 c3 23. Qf2 h6 24. bxc3 dxc3 25. Bf4 b4 26. Qd4 Qb5 27. Qa7 Qa4 28. Qb7 Qb5 29. Qxb5 Bxb5 30. d4 Ba4 31. Bd3 Nc7 32. Kf2 Nb5 33. Bxb5 Bxb5 34. Ke3 g5 35. Bg3 Bc6 36. Be1 Kf7 37. Kd3 Bb5+ 38. Ke3 Bc4 39. d5 exd5 40. Kd4 Ke6 41. Bf2 Ba2 42. exd5+ Bxd5 43. Bg3 Be4 44. Kc4 1/2-1/2

[Event "Olympiad Women-35"]
[Site "Bled"]
[Date "2002.11.10"]
[Round "14.1"]
[White "Starr, Nava"]
[Black "Mira, Helene"]
[Result "1-0"]
[WhiteElo "2207"]
[BlackElo "2129"]
[PlyCount "79"]
[EventDate "2002.10.26"]
[EventType "team-swiss"]
[EventRounds "14"]
[EventCountry "SLO"]
[SourceTitle "EXT 2003"]
[Source "ChessBase"]
[SourceDate "2002.11.25"]
[SourceVersion "1"]
[SourceVersionDate "2002.11.25"]
[SourceQuality "1"]
[WhiteTeam "Canada (W)"]
[BlackTeam "Austria (W)"]
[WhiteTeamCountry "CAN"]
[BlackTeamCountry "AUT"]

1. e4 d6 2. d4 Nf6 3. Nc3 c6 4. f4 Qa5 5. Bd3 e5 6. Nf3 Bg4 7. dxe5 dxe5 8. 0-0 Nbd7 9. h3 Bxf3 10. Qxf3 exf4 11. Bxf4 Ne5 12. Qe2 Nfd7 13. a3 Qb6+ 14. Be3 Bc5 15. Nd1 a5 16. Kh1 Qd8 17. Bc4 Qh4 18. Bxc5 Nxc5 19. Nf2 0-0 20. b4 axb4 21. axb4 Na4 22. Bb3 Nc3 23. Qe3 Rxa1 24. Rxa1 Nb5 25. Rd1 Qe7 26. Qd2 Na3 27. Qd4 Nb5 28. Qd2 g6 29. c4 Na3 30. Qc3 b5 31. cxb5 cxb5 32. Rd5 Re8 33. Ba2 Nac4 34. Rxb5 Qa7 35. Bxc4 Nxc4 36. Ng4 Rc8 37. Nh6+ Kf8 38. Qh8+ Ke7 39. Qxc8 Nd6 40. Ng8# 1-0

[Event "CAN-ch zt 2.2 (Women)"]
[Site "Toronto"]
[Date "2001.08.04"]
[Round "2"]
[White "Baltgailis, Vesma"]
[Black "Starr, Nava"]
[Result "0-1"]
[WhiteElo "2015"]
[BlackElo "2200"]
[PlyCount "46"]
[EventDate "2001.08.04"]
[EventType "swiss"]
[EventRounds "6"]
[EventCountry "CAN"]
[SourceTitle "EXT 2002"]
[Source "ChessBase"]
[SourceDate "2001.11.25"]
[SourceVersion "1"]
[SourceVersionDate "2001.11.25"]
[SourceQuality "1"]

1. c4 e5 2. g3 Nc6 3. Bg2 f5 4. e3 Nf6 5. Nc3 g6 6. Nge2 Bg7 7. 0-0 0-0 8. d4 e4 9. Nf4 d6 10. b3 Qe8 11. h4 a6 12. Bb2 Bd7 13. Nce2 h6 14. d5 Ne5 15. Nd4 Nfg4 16. Rb1 g5 17. hxg5 hxg5 18. Nfe6 Qh5 19. Re1 Bxe6 20. Nxe6 Qh2+ 21. Kf1 Nf3 22. Bxg7 Qg1+ 23. Ke2 Qxf2# 0-1

[Event "Olympiad Women-32"]
[Site "Yerevan"]
[Date "1996.??.??"]
[Round "1"]
[White "Kachiani Gersinska, Ketino"]
[Black "Starr, Nava"]
[Result "1/2-1/2"]
[WhiteElo "2415"]
[BlackElo "2210"]
[PlyCount "87"]
[EventDate "1996.09.15"]
[EventType "team-swiss"]
[EventRounds "14"]
[EventCountry "ARM"]
[SourceTitle "EXT 1997"]
[Source "ChessBase"]
[SourceDate "1996.11.15"]
[SourceVersion "1"]
[SourceVersionDate "1996.11.15"]
[SourceQuality "1"]

1. d4 Nf6 2. c4 c5 3. d5 d6 4. Nc3 g6 5. g3 Bg7 6. Bg2 0-0 7. Nf3 Na6 8. 0-0 Nc7 9. a4 b6 10. Re1 Rb8 11. e4 Bg4 12. h3 Bxf3 13. Bxf3 a6 14. Bf4 Nd7 15. Be2 Ne5 16. Be3 Re8 17. Kg2 Nd7 18. Rc1 Nf8 19. Qd2 e6 20. Bd3 exd5 21. exd5 Nd7 22. Bg5 f6 23. Be3 Ne5 24. Bf1 f5 25. f4 Nd7 26. Bf2 Nf6 27. Bd3 Qd7 28. b3 Rxe1 29. Rxe1 Re8 30. Rxe8+ Qxe8 31. Qe1 Qd7 32. Qe2 Kf8 33. Be1 h5 34. a5 bxa5 35. h4 Ng4 36. Na4 Bd4 37. Bxa5 Ne8 38. Bd2 Qe7 39. Qxe7+ Kxe7 40. Kf3 Nef6 41. Be1 Nh2+ 42. Kg2 Nhg4 43. Kf3 Nh2+ 44. Kg2 1/2-1/2

[Event "Olympiad Women-32"]
[Site "Yerevan"]
[Date "1996.??.??"]
[Round "11"]
[White "Laesson, Tuulikki"]
[Black "Starr, Nava"]
[Result "1-0"]
[WhiteElo "2290"]
[BlackElo "2210"]
[PlyCount "107"]
[EventDate "1996.09.15"]
[EventType "team-swiss"]
[EventRounds "14"]
[EventCountry "ARM"]
[SourceTitle "EXT 1997"]
[Source "ChessBase"]
[SourceDate "1996.11.15"]
[SourceVersion "1"]
[SourceVersionDate "1996.11.15"]
[SourceQuality "1"]

1. e4 e5 2. Bc4 Nf6 3. Nc3 Nxe4 4. Qh5 Nd6 5. Bb3 Nc6 6. Nb5 g6 7. Qf3 f5 8. Qd5 Qe7 9. Nxc7+ Kd8 10. Nxa8 b6 11. d3 Bb7 12. h4 h6 13. Nxb6 axb6 14. Qf3 Nd4 15. Qh3 e4 16. Be3 exd3 17. 0-0-0 Nxb3+ 18. cxb3 Ba6 19. Bxb6+ Kc8 20. Rxd3 Kb8 21. Bd4 Rg8 22. Bc5 Qe4 23. Re3 Qc6 24. Rc3 Ne4 25. Bxf8 Qd5 26. Bxh6 g5 27. Qe3 f4 28. Qe1 Re8 29. Rc2 Bd3 30. Qb4+ Ka8 31. Rc7 Ba6 32. Nf3 Nxf2 33. Qd4 Qxd4 34. Nxd4 Nxh1 35. Bxg5 d5 36. Rd7 Re4 37. Rxd5 Ng3 38. Rd8+ Kb7 39. b4 Rxd4 40. Rxd4 Ne2+ 41. Kd2 Nxd4 42. Bxf4 Bf1 43. g3 Bh3 44. h5 Ne6 45. Ke3 Bg4 46. h6 Nf8 47. Bd6 Nh7 48. Kf4 Be6 49. b3 Kc6 50. Ke5 Bg4 51. Bc5 Bh3 52. Be3 Bf1 53. Ke6 Bd3 54. Kf7 1-0

[Event "CAN-ch (Women)"]
[Site "Canada"]
[Date "1996.??.??"]
[Round "9"]
[White "Mongeau, Diane"]
[Black "Starr, Nava"]
[Result "0-1"]
[WhiteElo "2005"]
[BlackElo "2210"]
[PlyCount "86"]
[EventDate "1996.??.??"]
[EventType "tourn"]
[EventRounds "9"]
[EventCountry "CAN"]
[SourceTitle "EXT 2001"]
[Source "ChessBase"]
[SourceDate "2000.11.22"]
[SourceVersion "1"]
[SourceVersionDate "2000.11.22"]
[SourceQuality "1"]

1. d4 g6 2. e4 Bg7 3. c3 c6 4. Bf4 d5 5. Nd2 Nh6 6. Ngf3 f6 7. Bd3 Nf7 8. e5 0-0 9. 0-0 Bg4 10. h3 fxe5 11. dxe5 Bxe5 12. Bxe5 Nxe5 13. hxg4 Nxd3 14. Qc2 Nc5 15. Rae1 b5 16. Nd4 Rf6 17. b4 Nb7 18. N2f3 Nd7 19. Ne6 Qb6 20. g5 Rf7 21. Nfd4 Nd8 22. Qe2 Nf8 23. g3 Ndxe6 24. Nxe6 a5 25. a3 axb4 26. axb4 Nxe6 27. Qxe6 Qc7 28. f4 Qc8 29. Qe2 Qh3 30. Qe3 e5 31. Qxe5 Qxg3+ 32. Kh1 Qh3+ 33. Kg1 Raf8 34. Qe6 Qxe6 35. Rxe6 Rxf4 36. Rxf4 Rxf4 37. Rxc6 d4 38. cxd4 Rxd4 39. Kf2 Rxb4 40. Ke3 Kf7 41. Rb6 Ke7 42. Kf3 Kd7 43. Rb7+ Ke6 0-1

[Event "Olympiad Women-32"]
[Site "Yerevan"]
[Date "1996.??.??"]
[Round "3"]
[White "Starr, Nava"]
[Black "De Pool, Tibaire"]
[Result "1-0"]
[WhiteElo "2210"]
[BlackElo "2035"]
[PlyCount "83"]
[EventDate "1996.09.15"]
[EventType "team-swiss"]
[EventRounds "14"]
[EventCountry "ARM"]
[SourceTitle "EXT 1997"]
[Source "ChessBase"]
[SourceDate "1996.11.15"]
[SourceVersion "1"]
[SourceVersionDate "1996.11.15"]
[SourceQuality "1"]

1. e4 c5 2. Nc3 a6 3. f4 d6 4. Nf3 b5 5. d3 Bb7 6. g3 e6 7. Bg2 Nd7 8. 0-0 Qc7 9. Qe2 Ne7 10. Bd2 Nc6 11. Nd1 Be7 12. c3 0-0 13. Ne3 Nb6 14. f5 exf5 15. Nxf5 Ne5 16. Nxe5 dxe5 17. Qg4 Bf6 18. Bh6 Bc8 19. Bxg7 Bxf5 20. exf5 h5 21. Qxh5 Kxg7 22. Qg4+ Kh7 23. Bxa8 Rxa8 24. Qe4 Rd8 25. g4 Rg8 26. Rf3 Qd7 27. Rh3+ Kg7 28. Qe3 Kf8 29. Qxc5+ Be7 30. Qxb6 Rxg4+ 31. Rg3 Qxf5 32. Qh6+ Kg8 33. Qh3 Rxg3+ 34. Qxg3+ Kf8 35. Rf1 Qe6 36. b3 Bc5+ 37. Kg2 b4 38. cxb4 Bxb4 39. Qh4 Qg6+ 40. Kh1 a5 41. Qd8+ Kg7 42. Rg1 1-0

[Event "Olympiad Women-32"]
[Site "Yerevan"]
[Date "1996.??.??"]
[Round "13"]
[White "Starr, Nava"]
[Black "Mira, Helene"]
[Result "1/2-1/2"]
[WhiteElo "2210"]
[BlackElo "2185"]
[PlyCount "36"]
[EventDate "1996.09.15"]
[EventType "team-swiss"]
[EventRounds "14"]
[EventCountry "ARM"]
[SourceTitle "EXT 1997"]
[Source "ChessBase"]
[SourceDate "1996.11.15"]
[SourceVersion "1"]
[SourceVersionDate "1996.11.15"]
[SourceQuality "1"]

1. e4 g6 2. d4 Bg7 3. Nc3 c6 4. Nf3 d5 5. h3 Nf6 6. e5 Ne4 7. Bd3 Nxc3 8. bxc3 0-0 9. 0-0 c5 10. Re1 Nc6 11. Bf4 c4 12. Bf1 h6 13. Qd2 g5 14. Bg3 Bf5 15. Nh2 e6 16. f4 f6 17. fxg5 fxg5 18. Be2 Qe8 1/2-1/2

[Event "Olympiad Women-32"]
[Site "Yerevan"]
[Date "1996.??.??"]
[Round "8"]
[White "Starr, Nava"]
[Black "Salazar, Adriana"]
[Result "1/2-1/2"]
[WhiteElo "2210"]
[BlackElo "2105"]
[PlyCount "105"]
[EventDate "1996.09.15"]
[EventType "team-swiss"]
[EventRounds "14"]
[EventCountry "ARM"]
[SourceTitle "EXT 1997"]
[Source "ChessBase"]
[SourceDate "1996.11.15"]
[SourceVersion "1"]
[SourceVersionDate "1996.11.15"]
[SourceQuality "1"]

1. e4 c5 2. c3 d5 3. exd5 Qxd5 4. d4 Nc6 5. Nf3 e6 6. Na3 a6 7. Nc2 cxd4 8. cxd4 Nf6 9. Be2 Be7 10. 0-0 0-0 11. Ne3 Qd8 12. Qa4 Nb4 13. Rd1 Nbd5 14. Ne5 b5 15. Qb3 Bb7 16. Nxd5 Bxd5 17. Qh3 Rc8 18. Bd3 Be4 19. Bxe4 Nxe4 20. Be3 Rc2 21. d5 exd5 22. Nd7 Re8 23. Rxd5 Qc8 24. Qf3 Nf6 25. Nb6 Qe6 26. Rdd1 Rxb2 27. a4 b4 28. a5 Ra2 29. Bd4 Rxa1 30. Bxa1 Bc5 31. h3 Bxb6 32. axb6 Qxb6 33. Qg3 Qb8 34. Qg5 h6 35. Qf5 Re6 36. Bb2 Qe8 37. Kh2 Qb8+ 38. g3 Qe8 39. Rc1 Rc6 40. Rd1 Re6 41. Rd4 Re4 42. Rd6 Re6 43. Rd4 Qc6 44. Rd8+ Ne8 45. Qg4 f6 46. Qxb4 Kh7 47. Qd2 Nd6 48. Ba3 Ne4 49. Qd3 Qc3 50. Qxc3 Nxc3 51. Rd7 f5 52. Bb2 Rc6 53. Ra7 1/2-1/2

[Event "Olympiad Women-32"]
[Site "Yerevan"]
[Date "1996.??.??"]
[Round "2"]
[White "Starr, Nava"]
[Black "Wilman, Carey"]
[Result "1-0"]
[WhiteElo "2210"]
[BlackElo "2070"]
[PlyCount "53"]
[EventDate "1996.09.15"]
[EventType "team-swiss"]
[EventRounds "14"]
[EventCountry "ARM"]
[SourceTitle "EXT 1997"]
[Source "ChessBase"]
[SourceDate "1996.11.15"]
[SourceVersion "1"]
[SourceVersionDate "1996.11.15"]
[SourceQuality "1"]

1. e4 d6 2. d4 Nf6 3. Nc3 g6 4. Bg5 Bg7 5. Nf3 0-0 6. Qd2 d5 7. Bxf6 exf6 8. exd5 Re8+ 9. Be2 Nd7 10. d6 cxd6 11. 0-0 Nb6 12. Rfe1 Bg4 13. Qf4 Bxf3 14. Qxf3 f5 15. Bb5 Re6 16. Ne2 Qe7 17. c3 a6 18. Bd3 Re8 19. Red1 Rxe2 20. Bxe2 Qxe2 21. Qxb7 Nc8 22. a4 f4 23. h3 g5 24. Re1 Qxe1+ 25. Rxe1 Rxe1+ 26. Kh2 Ne7 27. Qxa6 1-0